000 00605nam a2200229Ia 4500
003 OSt
005 20220928145454.0
006 a|||||r|||| 00| 0
007 ta
008 220927b |||||||| |||| 00| 0 eng d
024 _a80712
037 _cTextual
040 _aSDCL
_cSDCL
_beng
041 _2eng
_aeng
082 _aYv, L4
100 _aBell Colin Ed.
_9513071
245 0 _aSociology of community
_b A selection of readings.
260 _c1974
700 _a Newby Howard Ed.
_9513072
942 _hYv, L4
_cTEXL
_2CC
999 _c833724
_d833724